|
|
|
|
| LEADER |
00000nab a2200000 a 4500 |
| 001 |
vtls011122662 |
| 003 |
SK-MaSNL |
| 005 |
20260303151153.0 |
| 008 |
230222|2011 xo |||||||||||||||||eng| |
| 015 |
|
|
|a SNBRB
|
| 035 |
|
|
|a (uuid)da11747c-07f6-4a9e-83e8-d1b95b6019cc
|
| 035 |
|
|
|a (urnnbn)urn:nbn:sk:snk:ar-a08x4p
|
| 035 |
|
|
|a urn:nbn:sk:snk-ab9unn
|
| 040 |
|
|
|a SNKBUCL
|b slo
|c SNKBUCL
|e AACR2
|
| 041 |
0 |
|
|a eng
|
| 044 |
|
|
|a xo
|c SK
|
| 100 |
1 |
|
|a Jurči, Peter,
|d 1968-
|4 aut
|9 212887
|
| 245 |
1 |
0 |
|a FRACTURE BEHAVIOUR OF P/M Cr-V LEDEBURITIC STEEL WITH DIFFERENT SURFACE ROUGHNESS
|c Peter Jurči, Ivo Dlouhý
|
| 700 |
1 |
|
|a Dlouhý, Ivo
|4 aut
|9 793327
|
| 773 |
0 |
|
|t Materiálové inžinierstvo
|g Roč. 18, č. 2 (2011), s. 36-43
|
| 958 |
|
|
|a OND
|
| 958 |
|
|
|a EUIPO
|
| 958 |
|
|
|a article13
|
| 999 |
|
|
|c 2016504
|d 2018434
|